[Event "GBR-ch80"]
[Site "Dundee"]
[Date "1993.08.05"]
[Round "4"]
[White "Muir, Andrew J"]
[Black "Webster, Andrew"]
[Result "0-1"]
[WhiteElo "2360"]
[BlackElo "2410"]
[PlyCount "102"]
[EventDate "1993.08.02"]
[EventType "swiss"]
[EventRounds "11"]
[EventCountry "GBR"]
[SourceTitle "BritBase"]
[Source "britbase.info"]
[SourceDate "2021.07.30"]
[SourceVersion "1"]
[SourceVersionDate "2021.07.30"]
[SourceQuality "1"]

1. d4 d6 2. e4 g6 3. c4 Bg7 4. Nc3 Nc6 5. d5 Nd4 6. Be3 c5 7. dxc6 Nxc6 8. Qd2
Nf6 9. h3 O-O 10. Nf3 Be6 11. Rc1 a6 12. Be2 Qa5 13. O-O Rfc8 14. Nd5 Qxd2 15.
Nxd2 Nd7 16. b3 Bxd5 17. exd5 Nd4 18. Rfe1 b5 19. Bxd4 Bxd4 20. cxb5 Rxc1 21.
Rxc1 axb5 22. Nf3 Bb2 23. Rc2 Rxa2 24. Bxb5 Nf6 25. Bc4 Ra1+ 26. Kh2 Ba3 27.
Nd4 Bc5 28. Nc6 Ne4 29. Nxe7+ Kf8 30. Nc6 h5 31. g4 hxg4 32. hxg4 Nxf2 33. Be2
Rb1 34. Kg2 Ne4 35. b4 Bxb4 36. Rc4 Nc3 37. Nxb4 Nxe2 38. Rc8+ Kg7 39. Nc6 Nf4+
40. Kf3 Nxd5 41. Rd8 Rb3+ 42. Ke4 Nf6+ 43. Kf4 Rb1 44. g5 Rf1+ 45. Ke3 Nh7 46.
Rxd6 Nxg5 47. Nd4 Re1+ 48. Kd3 Ne6 49. Nf3 Nf4+ 50. Kd2 Re2+ 51. Kd1 Re3 0-1

[Event "GBR-ch80"]
[Site "Dundee"]
[Date "1993.08.05"]
[Round "4"]
[White "Murugan, Krishnamoorthy"]
[Black "Ledger, David"]
[Result "1/2-1/2"]
[WhiteElo "2430"]
[BlackElo "2295"]
[PlyCount "69"]
[EventDate "1993.08.02"]
[EventType "swiss"]
[EventRounds "11"]
[EventCountry "GBR"]
[SourceTitle "BritBase"]
[Source "britbase.info"]
[SourceDate "2021.07.30"]
[SourceVersion "1"]
[SourceVersionDate "2021.07.30"]
[SourceQuality "1"]

1. d4 Nf6 2. c4 g6 3. Nc3 Bg7 4. e4 d6 5. Nf3 O-O 6. Be2 e5 7. O-O Nc6 8. Be3
h6 9. d5 Ne7 10. Nd2 Ne8 11. c5 f5 12. f3 f4 13. Bf2 g5 14. cxd6 cxd6 15. a4 h5
16. Nc4 Rf6 17. a5 Rg6 18. Nb5 g4 19. Nxa7 Bd7 20. Na3 Nc8 21. Nxc8 g3 22. Kh1
Rxc8 23. Bg1 Qh4 24. Re1 gxh2 25. Bxh2 Nf6 26. Rg1 Kf7 27. Qe1 Rg3 28. Nc4 Rh8
29. Nd2 Ng4 30. Nf1 Nxh2 31. Nxh2 Bf6 32. Qb4 Rg4 33. Qe1 Rg3 34. Qb4 Rg4 35.
Qe1 1/2-1/2

[Event "GBR-ch80"]
[Site "Dundee"]
[Date "1993.08.05"]
[Round "4"]
[White "Williams, Simon Kim"]
[Black "Summerscale, Aaron"]
[Result "0-1"]
[WhiteElo "2255"]
[BlackElo "2355"]
[PlyCount "80"]
[EventDate "1993.08.02"]
[EventType "swiss"]
[EventRounds "11"]
[EventCountry "GBR"]
[SourceTitle "BritBase"]
[Source "britbase.info"]
[SourceDate "2021.07.30"]
[SourceVersion "1"]
[SourceVersionDate "2021.07.30"]
[SourceQuality "1"]

1. c4 c6 2. b3 d5 3. Bb2 Nf6 4. g3 Bg4 5. Bg2 e6 6. Nf3 Nbd7 7. O-O Be7 8. d3
O-O 9. Nbd2 Re8 10. Rc1 Bf8 11. Rc2 e5 12. cxd5 cxd5 13. h3 Bh5 14. g4 Bg6 15.
Nh4 Nb6 16. Nxg6 hxg6 17. Qa1 Nfd7 18. Rfc1 f6 19. a4 a5 20. Ba3 Kh8 21. Rc7
Rb8 22. R7c2 Bxa3 23. Qxa3 Nf8 24. Qc5 Nc8 25. Qe3 Qd6 26. Nf3 Nd7 27. d4 e4
28. Nh4 g5 29. Nf5 Qb6 30. Rc3 g6 31. Ng3 Rf8 32. Qd2 f5 33. e3 f4 34. Nh1 Kg7
35. Qa2 Qe6 36. Qd2 Rd8 37. R3c2 Qb6 38. Qc3 Nf8 39. Bxe4 dxe4 40. d5+ Kh6 0-1

[Event "GBR-ch80"]
[Site "Dundee"]
[Date "1993.08.06"]
[Round "5"]
[White "Bates, Richard"]
[Black "Martin, Benjamin"]
[Result "0-1"]
[WhiteElo "2235"]
[BlackElo "2410"]
[PlyCount "80"]
[EventDate "1993.08.02"]
[EventType "swiss"]
[EventRounds "11"]
[EventCountry "GBR"]
[SourceTitle "BritBase"]
[Source "britbase.info"]
[SourceDate "2021.07.30"]
[SourceVersion "1"]
[SourceVersionDate "2021.07.30"]
[SourceQuality "1"]

1. d4 Nf6 2. c4 e6 3. Nf3 Bb4+ 4. Bd2 Qe7 5. g3 Nc6 6. Bg2 Bxd2+ 7. Nbxd2 d6 8.
O-O O-O 9. e4 e5 10. d5 Nb8 11. b4 a5 12. a3 Na6 13. Qb3 c6 14. Rfc1 Bg4 15.
Ne1 Nd7 16. h3 Bh5 17. Nc2 Bg6 18. Qc3 cxd5 19. cxd5 f5 20. exf5 Bxf5 21. Ne3
Bg6 22. Ne4 Rf7 23. h4 Bxe4 24. Bxe4 g6 25. Rf1 Nf6 26. Bg2 axb4 27. axb4 Raf8
28. Qb2 Qd7 29. Kh2 Nc7 30. Bh3 Qe8 31. Rad1 h5 32. Qc2 Kg7 33. Nc4 Qd8 34. f3
Nfxd5 35. Be6 Nxe6 36. Rxd5 Nd4 37. Qe4 Nxf3+ 38. Kg2 Nxh4+ 39. Qxh4 Rxf1 40.
Qxd8 R8f2+ 0-1

[Event "GBR-ch80"]
[Site "Dundee"]
[Date "1993.08.06"]
[Round "5"]
[White "Emms, John M"]
[Black "Hennigan, Michael"]
[Result "0-1"]
[WhiteElo "2455"]
[BlackElo "2415"]
[PlyCount "86"]
[EventDate "1993.08.02"]
[EventType "swiss"]
[EventRounds "11"]
[EventCountry "GBR"]
[SourceTitle "BritBase"]
[Source "britbase.info"]
[SourceDate "2021.07.30"]
[SourceVersion "1"]
[SourceVersionDate "2021.07.30"]
[SourceQuality "1"]

1. e4 c5 2. Nf3 Nc6 3. d4 cxd4 4. Nxd4 Nf6 5. Nc3 d6 6. Bc4 e6 7. Be3 Be7 8.
Qe2 a6 9. O-O-O Qc7 10. Bb3 Na5 11. g4 b5 12. g5 Nxb3+ 13. axb3 Nd7 14. h4 b4
15. Na4 Nc5 16. h5 Nxe4 17. g6 Bf6 18. gxf7+ Kxf7 19. Rhg1 e5 20. Nf3 Bf5 21.
Kb1 Rab8 22. Nd2 Nxd2+ 23. Rxd2 Rhc8 24. f4 Rb5 25. Qf2 exf4 26. Bxf4 Qc6 27.
Bg5 Qxc2+ 28. Rxc2 Rxc2 29. Qxf5 Rxf5 30. Bxf6 Rcf2 31. Bd8 Rf1+ 32. Rxf1 Rxf1+
33. Kc2 Rh1 34. Ba5 Rxh5 35. Bxb4 Ke6 36. Bd2 g5 37. Nc3 g4 38. Kd3 Rh2 39. Ke3
h5 40. Ne4 d5 41. Nc5+ Kf5 42. Bc3 h4 43. Nd3 Rh3+ 0-1

[Event "GBR-ch80"]
[Site "Dundee"]
[Date "1993.08.06"]
[Round "5"]
[White "Ferguson, Mark"]
[Black "O'Shaughnessy, Conor"]
[Result "1-0"]
[WhiteElo "2195"]
[BlackElo "2340"]
[PlyCount "65"]
[EventDate "1993.08.02"]
[EventType "swiss"]
[EventRounds "11"]
[EventCountry "GBR"]
[SourceTitle "BritBase"]
[Source "britbase.info"]
[SourceDate "2021.07.30"]
[SourceVersion "1"]
[SourceVersionDate "2021.07.30"]
[SourceQuality "1"]

1. e4 c5 2. Nf3 d6 3. d4 cxd4 4. Nxd4 Nf6 5. Nc3 a6 6. f4 Qc7 7. a4 e5 8. Nf3
b6 9. Bd3 Bb7 10. O-O Nbd7 11. Qe1 g6 12. Kh1 Bg7 13. Qh4 h6 14. fxe5 dxe5 15.
Bd2 Nh5 16. b3 Nf4 17. Bc4 O-O 18. Rad1 Nf6 19. Qe1 g5 20. g3 Ng6 21. Qe2 Kh8
22. Ne1 Nxe4 23. Nxe4 f5 24. Bxg5 Bxe4+ 25. Kg1 Bb7 26. Be3 f4 27. Bf2 e4 28.
gxf4 Nxf4 29. Qe3 Be5 30. Bg3 Rad8 31. Rxd8 Qxd8 32. Bxf4 Bd4 33. Be5+ 1-0

[Event "GBR-ch80"]
[Site "Dundee"]
[Date "1993.08.06"]
[Round "5"]
[White "Forbes, Cathy"]
[Black "MacElligott, Gerry"]
[Result "1/2-1/2"]
[WhiteElo "2105"]
[BlackElo "2260"]
[PlyCount "49"]
[EventDate "1993.08.02"]
[EventType "swiss"]
[EventRounds "11"]
[EventCountry "GBR"]
[SourceTitle "BritBase"]
[Source "britbase.info"]
[SourceDate "2021.07.30"]
[SourceVersion "1"]
[SourceVersionDate "2021.07.30"]
[SourceQuality "1"]

1. d4 Nf6 2. Nf3 g6 3. Bf4 Bg7 4. Nc3 d5 5. e3 O-O 6. Be2 c5 7. O-O cxd4 8.
exd4 Nc6 9. h3 Bf5 10. g4 Be6 11. Na4 Ne4 12. c3 Qc8 13. Ng5 Nxg5 14. Bxg5 f6
15. Be3 Bf7 16. f4 e5 17. Nc5 b6 18. Nd3 Be6 19. Qd2 Qd7 20. fxe5 fxe5 21. dxe5
Nxe5 22. Nf4 Nc4 23. Bxc4 dxc4 24. Qxd7 Bxd7 25. Rad1 1/2-1/2

[Event "GBR-ch80"]
[Site "Dundee"]
[Date "1993.08.06"]
[Round "5"]
[White "Hodgson, Julian M"]
[Black "Koshy, Varugeese"]
[Result "1-0"]
[WhiteElo "2625"]
[BlackElo "2415"]
[PlyCount "47"]
[EventDate "1993.08.02"]
[EventType "swiss"]
[EventRounds "11"]
[EventCountry "GBR"]
[SourceTitle "BritBase"]
[Source "britbase.info"]
[SourceDate "2021.07.30"]
[SourceVersion "1"]
[SourceVersionDate "2021.07.30"]
[SourceQuality "1"]

1. d4 g6 2. e4 Bg7 3. Nc3 d6 4. Be3 a6 5. Qd2 b5 6. a4 b4 7. Nd1 a5 8. c3 bxc3
9. bxc3 c6 10. f3 Ba6 11. Bxa6 Nxa6 12. h4 d5 13. e5 f6 14. f4 h5 15. exf6 exf6
16. f5 gxf5 17. Nh3 Ne7 18. O-O Nc7 19. Nf4 Kf7 20. Qe2 Ne8 21. Bc1 Qd7 22. Ba3
Nc8 23. c4 Nb6 24. Rb1 1-0

[Event "GBR-ch80"]
[Site "Dundee"]
[Date "1993.08.06"]
[Round "5"]
[White "Hunt, Harriet"]
[Black "Cobb, James"]
[Result "1/2-1/2"]
[WhiteElo "2135"]
[BlackElo "2280"]
[PlyCount "130"]
[EventDate "1993.08.02"]
[EventType "swiss"]
[EventRounds "11"]
[EventCountry "GBR"]
[SourceTitle "BritBase"]
[Source "britbase.info"]
[SourceDate "2021.07.30"]
[SourceVersion "1"]
[SourceVersionDate "2021.07.30"]
[SourceQuality "1"]

1. e4 e6 2. d4 d5 3. Nd2 Nf6 4. e5 Ne4 5. Bd3 Nxd2 6. Bxd2 c5 7. c3 Qb6 8. Nf3
c4 9. Bc2 Qxb2 10. Ng5 g6 11. O-O Qa3 12. h4 Bd7 13. Qf3 Qe7 14. Nh3 Bc6 15.
Bg5 Qc7 16. Bf6 Rg8 17. Ng5 h6 18. Nh7 Nd7 19. Qf4 h5 20. Rfe1 Bg7 21. Bxg7
Rxg7 22. Ng5 O-O-O 23. Re3 Rf8 24. Rf3 Qd8 25. Bd1 Qe7 26. Rg3 f6 27. exf6 Rxf6
28. Qe3 Kb8 29. Nf3 Rg8 30. Bc2 Ka8 31. Re1 Qa3 32. Bb1 Qd6 33. Ne5 Nf8 34. Qg5
Nh7 35. Qh6 Nf8 36. Qe3 a6 37. Rg5 Be8 38. Qg3 Rh8 39. Qe3 Ka7 40. Rg3 Rh7 41.
Bc2 b5 42. Qg5 Qe7 43. Rb1 Rg7 44. Bd1 Rf5 45. Qc1 Qxh4 46. Bc2 Rf4 47. a4 Rb7
48. axb5 Bxb5 49. Bxg6 Qf6 50. Bxh5 Rxf2 51. Ng4 Qf4 52. Nxf2 Qxg3 53. Qa3 Nd7
54. Be8 Qc7 55. Ng4 Rb8 56. Bxd7 Bxd7 57. Ra1 Bb5 58. Re1 Re8 59. Nf6 Qg3 60.
Re2 Rh8 61. Qe7+ Ka8 62. Qxe6 Qh2+ 63. Kf1 Qf4+ 64. Kg1 Qh2+ 65. Kf1 Qf4+
1/2-1/2

[Event "GBR-ch80"]
[Site "Dundee"]
[Date "1993.08.06"]
[Round "5"]
[White "Kumaran, Dharshan"]
[Black "Knox, Victor W"]
[Result "1/2-1/2"]
[WhiteElo "2425"]
[BlackElo "2315"]
[PlyCount "69"]
[EventDate "1993.08.02"]
[EventType "swiss"]
[EventRounds "11"]
[EventCountry "GBR"]
[SourceTitle "BritBase"]
[Source "britbase.info"]
[SourceDate "2021.07.30"]
[SourceVersion "1"]
[SourceVersionDate "2021.07.30"]
[SourceQuality "1"]

1. d4 d5 2. c4 c6 3. Nf3 Nf6 4. Qc2 e6 5. g3 Nbd7 6. Bg2 Bd6 7. O-O O-O 8. Nbd2
Re8 9. b3 Qc7 10. Bb2 b6 11. e4 Nxe4 12. Nxe4 dxe4 13. Qxe4 Bb7 14. Rfe1 Nf6
15. Qc2 Be7 16. Rad1 Rad8 17. Ne5 c5 18. Bxb7 Qxb7 19. dxc5 Bxc5 20. Qe2 Bf8
21. Qf3 Qxf3 22. Nxf3 Bb4 23. Rxd8 Rxd8 24. Re2 Bc5 25. Kg2 Kf8 26. Rd2 Rxd2
27. Nxd2 Bb4 28. Nf3 Nd7 29. Nd4 a6 30. Nc6 Bd6 31. Kf3 f6 32. b4 Nb8 33. Nxb8
Bxb8 34. Bd4 b5 35. Bc5+ 1/2-1/2

[Event "GBR-ch80"]
[Site "Dundee"]
[Date "1993.08.06"]
[Round "5"]
[White "Ledger, David"]
[Black "Martin, Andrew D"]
[Result "0-1"]
[WhiteElo "2295"]
[BlackElo "2425"]
[PlyCount "100"]
[EventDate "1993.08.02"]
[EventType "swiss"]
[EventRounds "11"]
[EventCountry "GBR"]
[SourceTitle "BritBase"]
[Source "britbase.info"]
[SourceDate "2021.07.30"]
[SourceVersion "1"]
[SourceVersionDate "2021.07.30"]
[SourceQuality "1"]

1. Nf3 c5 2. g3 g6 3. Bg2 Bg7 4. O-O Nc6 5. d3 d5 6. c3 Nf6 7. Qa4 O-O 8. e4 h6
9. Be3 d4 10. cxd4 Ng4 11. d5 Nxe3 12. fxe3 Bxb2 13. Nbd2 Bxa1 14. Rxa1 Nb8 15.
Qc4 Nd7 16. Nb3 Qc7 17. d4 a5 18. Nh4 a4 19. Nd2 Qa5 20. Qd3 Qa6 21. Qa3 cxd4
22. exd4 e5 23. dxe6 Qxe6 24. Qe3 Kh7 25. d5 Qb6 26. Qxb6 Nxb6 27. Rb1 Nd7 28.
Nc4 b5 29. Nd6 Ne5 30. Nf3 Nxf3+ 31. Bxf3 Rb8 32. Rxb5 Rxb5 33. Nxb5 Bd7 34.
Nd6 f6 35. Kf2 Rb8 36. Nc4 Rb4 37. Be2 Bb5 38. Nd6 Bxe2 39. Kxe2 Kg7 40. Kd3
Rb2 41. a3 Rxh2 42. Nb5 Rg2 43. Kd4 Rxg3 44. d6 Kf7 45. Kd5 h5 46. Kc6 Rd3 47.
Nc7 Rxd6+ 48. Kxd6 h4 49. e5 fxe5 50. Ne6 Kf6 0-1

[Event "GBR-ch80"]
[Site "Dundee"]
[Date "1993.08.06"]
[Round "5"]
[White "Lee, Graham D"]
[Black "Quillan, Gary"]
[Result "0-1"]
[WhiteElo "2345"]
[BlackElo "2300"]
[PlyCount "100"]
[EventDate "1993.08.02"]
[EventType "swiss"]
[EventRounds "11"]
[EventCountry "GBR"]
[SourceTitle "BritBase"]
[Source "britbase.info"]
[SourceDate "2021.07.30"]
[SourceVersion "1"]
[SourceVersionDate "2021.07.30"]
[SourceQuality "1"]

1. e4 e5 2. Nf3 d6 3. d4 exd4 4. Qxd4 Nf6 5. Bg5 Be7 6. Nc3 O-O 7. Bc4 a6 8.
Qd2 b5 9. Bb3 Bb7 10. e5 dxe5 11. Qxd8 Bxd8 12. Nxe5 c5 13. Bxf7+ Rxf7 14. Nxf7
Kxf7 15. O-O-O Ba5 16. Bxf6 gxf6 17. f3 Ra7 18. Rd3 Bc6 19. Ne4 c4 20. Rd6 Bxe4
21. fxe4 Rd7 22. Rxd7+ Nxd7 23. Rf1 Bc7 24. g3 Nc5 25. Re1 Ke6 26. Kd2 Ba5+ 27.
c3 b4 28. Kc2 bxc3 29. bxc3 Ke5 30. Rd1 Nxe4 31. Rd4 Nd6 32. Rh4 Nf5 33. Rxh7
Ne3+ 34. Kc1 Bxc3 35. Re7+ Kd4 36. Re6 Kd3 37. Rd6+ Ke2 38. h4 Bb4 39. Rxa6
Bd2+ 40. Kb1 c3 41. Rc6 Kd1 42. a4 c2+ 43. Rxc2 Nxc2 44. g4 Nd4 45. Kb2 Ke2 46.
g5 Bxg5 47. hxg5 fxg5 48. Kc3 Nc6 49. Kc4 g4 50. Kb5 Nb8 0-1

[Event "GBR-ch80"]
[Site "Dundee"]
[Date "1993.08.06"]
[Round "5"]
[White "Levitt, Jonathan"]
[Black "Harley, Andrew D"]
[Result "1-0"]
[WhiteElo "2455"]
[BlackElo "2315"]
[PlyCount "63"]
[EventDate "1993.08.02"]
[EventType "swiss"]
[EventRounds "11"]
[EventCountry "GBR"]
[SourceTitle "BritBase"]
[Source "britbase.info"]
[SourceDate "2021.07.30"]
[SourceVersion "1"]
[SourceVersionDate "2021.07.30"]
[SourceQuality "1"]

1. d4 e6 2. c4 Nf6 3. Nc3 Bb4 4. e3 c5 5. Nge2 cxd4 6. exd4 d5 7. a3 Be7 8. c5
O-O 9. b4 b6 10. g3 bxc5 11. dxc5 a5 12. Rb1 axb4 13. axb4 Nc6 14. Bg2 Rb8 15.
Qa4 Ne5 16. O-O Bd7 17. Qc2 Nc4 18. Rd1 Qc8 19. Qd3 Rd8 20. h3 h6 21. Kh2 Bf8
22. f4 e5 23. Nxd5 Nxd5 24. Qxc4 Bb5 25. Qc2 Bxe2 26. Rxd5 Rxd5 27. Bxd5 Bf1
28. g4 Qd7 29. Be4 Qd4 30. Ba3 Bxh3 31. Rd1 Qe3 32. Bc1 1-0

[Event "GBR-ch80"]
[Site "Dundee"]
[Date "1993.08.06"]
[Round "5"]
[White "Lyell, Mark"]
[Black "Muir, Andrew J"]
[Result "1/2-1/2"]
[WhiteElo "2235"]
[BlackElo "2360"]
[PlyCount "92"]
[EventDate "1993.08.02"]
[EventType "swiss"]
[EventRounds "11"]
[EventCountry "GBR"]
[SourceTitle "BritBase"]
[Source "britbase.info"]
[SourceDate "2021.07.30"]
[SourceVersion "1"]
[SourceVersionDate "2021.07.30"]
[SourceQuality "1"]

1. e4 c5 2. c3 d5 3. exd5 Qxd5 4. d4 Nf6 5. Nf3 Nc6 6. Be3 cxd4 7. cxd4 e6 8.
Nc3 Qd6 9. a3 Be7 10. Bd3 O-O 11. O-O b6 12. Qe2 Bb7 13. Rad1 Rac8 14. Rfe1 Bd8
15. Bg5 Ne7 16. Bxf6 gxf6 17. Ne4 Bxe4 18. Qxe4 f5 19. Qh4 Ng6 20. Qh6 Qf4 21.
Qh5 Bf6 22. d5 Rfd8 23. dxe6 fxe6 24. Rxe6 Bxb2 25. Ng5 Nf8 26. Rf6 Rc7 27.
Rxf5 Qxf5 28. Bxf5 Rxd1+ 29. Qxd1 Rc1 30. Qxc1 Bxc1 31. Ne6 Bxa3 32. Nxf8 Bxf8
33. Bd3 a5 34. Kf1 a4 35. Ke2 a3 36. Kd2 Kg7 37. Kc2 h6 38. Bc4 Kf6 39. Kd3 Bc5
40. Ke2 Ke5 41. Kd3 Bxf2 42. Kc3 Bg1 43. h3 Bd4+ 44. Kb3 Bc5 45. Bb5 Kf4 46.
Bc6 Kg3 1/2-1/2

[Event "GBR-ch80"]
[Site "Dundee"]
[Date "1993.08.06"]
[Round "5"]
[White "McDonald, Neil R"]
[Black "Gillen, Adrian"]
[Result "1-0"]
[WhiteElo "2395"]
[BlackElo "2235"]
[PlyCount "43"]
[EventDate "1993.08.02"]
[EventType "swiss"]
[EventRounds "11"]
[EventCountry "GBR"]
[SourceTitle "BritBase"]
[Source "britbase.info"]
[SourceDate "2021.07.30"]
[SourceVersion "1"]
[SourceVersionDate "2021.07.30"]
[SourceQuality "1"]

1. e4 c5 2. Nf3 e6 3. d4 cxd4 4. Nxd4 Nc6 5. Nc3 a6 6. Nxc6 bxc6 7. Bd3 d5 8.
O-O Bc5 9. Qg4 Kf8 10. Na4 h5 11. Qe2 Ba7 12. c4 Nf6 13. Bf4 Qe7 14. exd5 cxd5
15. c5 Qb7 16. Rac1 Qb4 17. Bd6+ Kg8 18. Nb6 Bxb6 19. a3 Qd4 20. Be5 Qh4 21.
cxb6 Nd7 22. Qc2 1-0

[Event "GBR-ch80"]
[Site "Dundee"]
[Date "1993.08.06"]
[Round "5"]
[White "McNab, Colin Anderson"]
[Black "Hebden, Mark"]
[Result "1/2-1/2"]
[WhiteElo "2490"]
[BlackElo "2560"]
[PlyCount "113"]
[EventDate "1993.08.02"]
[EventType "swiss"]
[EventRounds "11"]
[EventCountry "GBR"]
[SourceTitle "BritBase"]
[Source "britbase.info"]
[SourceDate "2021.07.30"]
[SourceVersion "1"]
[SourceVersionDate "2021.07.30"]
[SourceQuality "1"]

1. Nf3 Nf6 2. c4 g6 3. g3 Bg7 4. Bg2 O-O 5. O-O d6 6. Nc3 Nc6 7. d4 Rb8 8. b3
a6 9. e3 b5 10. Qe2 bxc4 11. bxc4 e5 12. d5 e4 13. dxc6 Bg4 14. Rb1 Qe7 15. Bd2
h5 16. Rb7 Rxb7 17. cxb7 c6 18. Rb1 Rb8 19. c5 exf3 20. Bxf3 Bxf3 21. Qxf3 d5
22. Rb6 Qxc5 23. Qf4 Nd7 24. Na4 Qf8 25. Qc7 Nxb6 26. Nxb6 Be5 27. Qxc6 Qd6 28.
Qc8+ Qd8 29. f4 Bd6 30. Bc3 Kh7 31. Qxd8 Rxd8 32. Nc8 Bb8 33. Be5 Rd7 34. Bxb8
Rxb7 35. Be5 Rb1+ 36. Kf2 Rc1 37. Nd6 Rc2+ 38. Kf3 Kg8 39. a4 Kf8 40. a5 Ke7
41. Nb7 Rxh2 42. Nc5 Ra2 43. Bc3 d4 44. Bb4 dxe3 45. Kxe3 Kd6 46. Nxa6+ Kc6 47.
Be1 Kb5 48. Nc7+ Kc4 49. Kf3 Kc5 50. Ne8 Kd5 51. Nf6+ Ke6 52. Ne4 Kf5 53. Nd6+
Ke6 54. Nb5 f6 55. Nc7+ Kd6 56. Ne8+ Ke7 57. Nc7 1/2-1/2

[Event "GBR-ch80"]
[Site "Dundee"]
[Date "1993.08.06"]
[Round "5"]
[White "Noyce, Robert"]
[Black "Gokhale, Jayant Suresh"]
[Result "0-1"]
[WhiteElo "2230"]
[BlackElo "2330"]
[PlyCount "88"]
[EventDate "1993.08.02"]
[EventType "swiss"]
[EventRounds "11"]
[EventCountry "GBR"]
[SourceTitle "BritBase"]
[Source "britbase.info"]
[SourceDate "2021.07.30"]
[SourceVersion "1"]
[SourceVersionDate "2021.07.30"]
[SourceQuality "1"]

1. Nf3 Nf6 2. g3 c5 3. Bg2 d5 4. d3 Nc6 5. O-O e6 6. Nbd2 Be7 7. c3 b6 8. e4
Bb7 9. Qc2 Qc7 10. Ne1 dxe4 11. Nxe4 Nxe4 12. Bxe4 h6 13. f4 O-O 14. Be3 Rad8
15. Rd1 Bf6 16. Bg2 Rd7 17. Rf2 Rfd8 18. Rfd2 Ne7 19. Nf3 Bc6 20. Bf2 Qb7 21.
Ne1 h5 22. Bxc6 Qxc6 23. Ra1 h4 24. Qd1 e5 25. fxe5 Bxe5 26. Qf3 Qc7 27. Rad1
Rd6 28. d4 Bf6 29. gxh4 Rd5 30. Qg3 Be5 31. Qh3 cxd4 32. cxd4 Ng6 33. Nf3 Bf6
34. Bg3 Qc4 35. b3 Qb4 36. Qg4 Ne7 37. Qe4 Nf5 38. Bf2 Qd6 39. Kh1 Qd7 40. Qf4
Nh6 41. Be3 Qc6 42. Rg2 Rf5 43. Qxh6 Qxf3 44. Rdg1 Re8 0-1

[Event "GBR-ch80"]
[Site "Dundee"]
[Date "1993.08.06"]
[Round "5"]
[White "Parker, Jonathan"]
[Black "James, David J"]
[Result "1-0"]
[WhiteElo "2370"]
[BlackElo "2255"]
[PlyCount "105"]
[EventDate "1993.08.02"]
[EventType "swiss"]
[EventRounds "11"]
[EventCountry "GBR"]
[SourceTitle "BritBase"]
[Source "britbase.info"]
[SourceDate "2021.07.30"]
[SourceVersion "1"]
[SourceVersionDate "2021.07.30"]
[SourceQuality "1"]

1. d4 Nf6 2. c4 e6 3. g3 d5 4. Bg2 dxc4 5. Nf3 Bd7 6. O-O Bc6 7. Qc2 b5 8. Nbd2
Be7 9. e4 O-O 10. Re1 Bb7 11. b3 cxb3 12. Nxb3 Nbd7 13. Na5 Rb8 14. Bf4 Bb4 15.
Nxb7 Rxb7 16. Re2 Re8 17. Rd1 Qc8 18. d5 e5 19. Bg5 Bd6 20. Bh3 Qa8 21. Nh4 h6
22. Bc1 a5 23. Qd3 b4 24. Qf3 Qd8 25. Nf5 Nf8 26. Qb3 Qa8 27. Qa4 Qa6 28. Bf1
Qb5 29. Qb3 a4 30. Qf3 N8h7 31. h4 b3 32. axb3 axb3 33. g4 Qa4 34. Bxh6 gxh6
35. Nxh6+ Kg7 36. g5 Be7 37. Nf5+ Kh8 38. gxf6 Bxf6 39. Rb1 Rg8+ 40. Kh2 Rb4
41. Bg2 Rgb8 42. Reb2 R4b6 43. Bf1 Bg7 44. Be2 Nf6 45. Ng3 Bh6 46. Rxb3 Rxb3
47. Rxb3 Rxb3 48. Qxf6+ Bg7 49. Qxf7 Qb4 50. Qh5+ Kg8 51. Bg4 Qe7 52. Be6+ Kf8
53. Qh7 1-0

[Event "GBR-ch80"]
[Site "Dundee"]
[Date "1993.08.06"]
[Round "5"]
[White "Rowson, Jonathan"]
[Black "Hastings, Jonathan J"]
[Result "0-1"]
[WhiteElo "2325"]
[BlackElo "2210"]
[PlyCount "74"]
[EventDate "1993.08.02"]
[EventType "swiss"]
[EventRounds "11"]
[EventCountry "GBR"]
[SourceTitle "BritBase"]
[Source "britbase.info"]
[SourceDate "2021.07.30"]
[SourceVersion "1"]
[SourceVersionDate "2021.07.30"]
[SourceQuality "1"]

1. e4 c6 2. d4 d5 3. e5 g6 4. c4 Be6 5. Ne2 dxc4 6. Nf4 Bd5 7. Nd2 Qb6 8. Qc2
Qxd4 9. Nxc4 Qe4+ 10. Qxe4 Bxe4 11. e6 Bg7 12. Na5 b6 13. exf7+ Kxf7 14. Bc4+
Ke8 15. Nb3 Bf5 16. O-O e5 17. Nd5 Na6 18. Ne3 Nc7 19. Bd2 Ne7 20. Rfe1 Ncd5
21. Bxd5 cxd5 22. Bb4 Be6 23. Rac1 Rc8 24. Rxc8+ Nxc8 25. f4 a5 26. Ba3 a4 27.
Nc1 e4 28. Rd1 d4 29. Nf1 Bg4 30. Re1 e3 31. h3 Bd7 32. Rd1 Bb5 33. Ng3 Kf7 34.
Nce2 d3 35. Nc3 Bxc3 36. bxc3 e2 37. Rb1 d2 0-1

[Event "GBR-ch80"]
[Site "Dundee"]
[Date "1993.08.06"]
[Round "5"]
[White "Walker, David"]
[Black "Murugan, Krishnamoorthy"]
[Result "0-1"]
[WhiteElo "2305"]
[BlackElo "2430"]
[PlyCount "90"]
[EventDate "1993.08.02"]
[EventType "swiss"]
[EventRounds "11"]
[EventCountry "GBR"]
[SourceTitle "BritBase"]
[Source "britbase.info"]
[SourceDate "2021.07.30"]
[SourceVersion "1"]
[SourceVersionDate "2021.07.30"]
[SourceQuality "1"]

1. g3 d5 2. Bg2 Nf6 3. Nf3 g6 4. O-O Bg7 5. d3 O-O 6. Nbd2 c5 7. e4 Nc6 8. c3
dxe4 9. dxe4 Nd7 10. Qe2 Qc7 11. Rd1 Rb8 12. Nf1 b6 13. Bf4 e5 14. Bd2 Bb7 15.
h4 Nf6 16. Bg5 Ne7 17. N3h2 h6 18. Bxf6 Bxf6 19. h5 Kg7 20. Bh3 Rbd8 21. hxg6
fxg6 22. f3 h5 23. Ne3 Bg5 24. Nhf1 Qc6 25. Rxd8 Rxd8 26. Rd1 Rxd1 27. Qxd1 c4
28. Qd7 b5 29. Kg2 a6 30. a4 Qxd7 31. Bxd7 Bc6 32. Bxc6 Nxc6 33. Kf2 Na5 34.
axb5 axb5 35. Nd2 Nb3 36. Nxb3 cxb3 37. Ke2 Bxe3 38. Kxe3 g5 39. Kf2 Kf6 40.
Kg2 Ke6 41. Kf2 Kd7 42. Ke3 Kd6 43. Kf2 Kc5 44. Ke3 h4 45. gxh4 gxh4 0-1

[Event "GBR-ch80"]
[Site "Dundee"]
[Date "1993.08.06"]
[Round "5"]
[White "Ward, Christopher G"]
[Black "Ledger, Andrew"]
[Result "1-0"]
[WhiteElo "2460"]
[BlackElo "2375"]
[PlyCount "53"]
[EventDate "1993.08.02"]
[EventType "swiss"]
[EventRounds "11"]
[EventCountry "GBR"]
[SourceTitle "BritBase"]
[Source "britbase.info"]
[SourceDate "2021.07.30"]
[SourceVersion "1"]
[SourceVersionDate "2021.07.30"]
[SourceQuality "1"]

1. d4 Nf6 2. c4 g6 3. Nc3 d5 4. cxd5 Nxd5 5. e4 Nxc3 6. bxc3 Bg7 7. Bc4 O-O 8.
Ne2 Nc6 9. Be3 b6 10. h4 Na5 11. Bd3 c5 12. Rc1 cxd4 13. cxd4 Bb7 14. h5 Qd6
15. hxg6 hxg6 16. Qd2 Rfc8 17. Rxc8+ Rxc8 18. e5 Qa3 19. Bh6 Bh8 20. Bf8 f5 21.
Rxh8+ Kf7 22. Bxe7 Kxe7 23. Qg5+ Kd7 24. Rh7+ Kc6 25. Qf6+ Kd5 26. Qf7+ Kc6 27.
Qd7# 1-0